[Event "Mittelfrank Regionalliga Sud-West 2223"]
[Site "Mittelfranken"]
[Date "2022.10.23"]
[Round "2.8"]
[White "Dietz, Iwan"]
[Black "Nentwig, Nicole"]
[Result "1-0"]
[WhiteElo "1817"]
[BlackElo "1706"]
[PlyCount "61"]
[EventDate "2022.10.09"]
[EventType "team-tourn"]
[EventRounds "9"]
[EventCountry "GER"]
[SourceTitle "EXT 2024"]
[Source "ChessBase"]
[SourceDate "2023.10.10"]
[SourceVersion "1"]
[SourceVersionDate "2023.10.10"]
[SourceQuality "1"]
[WhiteTeam "Bayern Muenchen IV"]
[BlackTeam "Dillingen"]
[WhiteTeamCountry "GER"]
[BlackTeamCountry "GER"]

1. d4 d5 2. c4 Nf6 3. cxd5 Qxd5 4. Nc3 Qa5 5. Nf3 c6 6. Qc2 Bf5 7. Qb3 Qc7 8. Bf4 Qb6 9. e3 Qxb3 10. axb3 Nbd7 11. Kd2 e6 12. Bd3 Bg4 13. e4 Bb4 14. Ne1 0-0 15. f3 Bh5 16. Nc2 Be7 17. g4 Bg6 18. h4 h5 19. Rag1 b5 20. e5 Nd5 21. Nxd5 cxd5 22. gxh5 Bxd3 23. Kxd3 f5 24. Rg6 Kf7 25. Rhg1 Rg8 26. Ne3 Bxh4 27. Nxf5 exf5 28. e6+ Ke7 29. exd7 Bf6 30. Bg5 Rh8 31. Rxg7+ 1-0

[Event "BL2 Sued 1920 (Women)"]
[Site "Germany"]
[Date "2019.09.14"]
[Round "1.3"]
[White "Nentwig, Nicole"]
[Black "Tampe, Friederike"]
[Result "1-0"]
[WhiteElo "1862"]
[BlackElo "1577"]
[PlyCount "93"]
[EventDate "2019.09.14"]
[EventType "team-tourn"]
[EventRounds "7"]
[EventCountry "GER"]
[SourceTitle "EXT 2021"]
[Source "ChessBase"]
[SourceDate "2020.10.23"]
[SourceVersion "1"]
[SourceVersionDate "2020.10.23"]
[SourceQuality "1"]
[WhiteTeam "Augsburg (W)"]
[BlackTeam "Gernsheim (W)"]
[WhiteTeamCountry "GER"]
[BlackTeamCountry "GER"]

1. e4 e5 2. Nf3 Nc6 3. Bc4 Bc5 4. c3 Nf6 5. d3 d6 6. b4 Bb6 7. Qb3 0-0 8. Bg5 a5 9. b5 a4 10. Qc2 Nb8 11. Nbd2 Be6 12. 0-0 Nbd7 13. d4 exd4 14. cxd4 Qe8 15. Bd3 h6 16. Be3 Bg4 17. Nh4 Qd8 18. h3 Bh5 19. Ndf3 Re8 20. Kh1 Nf8 21. Rg1 Kh8 22. Nf5 Bg6 23. g4 Ne6 24. Qd2 d5 25. e5 Ne4 26. Bxe4 dxe4 27. N3h4 Bh7 28. g5 hxg5 29. Bxg5 Nxg5 30. Rxg5 Rg8 31. Rag1 g6 32. Nh6 Rf8 33. Rd1 Bxd4 34. Qf4 Bxe5 35. Qxe5+ f6 36. Qa1 Qc8 37. Rg3 Qe6 38. a3 Qb6 39. Qb2 Rae8 40. Ng4 g5 41. Ng2 Kg7 42. N4e3 Kg6 43. Nf4+ Kg7 44. Rxg5+ Kh8 45. Rdg1 Rf7 46. Rh5 Rg8 47. Ng6+ 1-0

[Event "BL2 Sued 1819 (Women)"]
[Site "Germany"]
[Date "2018.12.09"]
[Round "5.5"]
[White "Hofmann, Karina"]
[Black "Nentwig, Nicole"]
[Result "0-1"]
[WhiteElo "1626"]
[BlackElo "1856"]
[PlyCount "72"]
[EventDate "2018.10.27"]
[EventType "team-tourn"]
[EventRounds "7"]
[EventCountry "GER"]
[SourceTitle "CBM 190 Extra"]
[Source "ChessBase"]
[SourceDate "2019.07.15"]
[SourceVersion "1"]
[SourceVersionDate "2019.07.15"]
[SourceQuality "1"]
[WhiteTeam "Regensburg Bavaria (W)"]
[BlackTeam "Augsburg (W)"]
[WhiteTeamCountry "GER"]
[BlackTeamCountry "GER"]

1. f4 d5 2. Nf3 Nc6 3. e3 Bg4 4. Bb5 Qd6 5. h3 Bxf3 6. Qxf3 Nf6 7. b3 Qc5 8. Nc3 a6 9. Bxc6+ Qxc6 10. Bb2 e6 11. 0-0-0 Bb4 12. Ne2 Rg8 13. f5 0-0-0 14. Bxf6 gxf6 15. Nd4 Ba3+ 16. Kb1 Qd6 17. fxe6 fxe6 18. Qxf6 Rg6 19. Qf2 Rf8 20. Qe2 e5 21. Nf3 e4 22. Nh4 Qf6 23. c3 Qxh4 24. g4 Rf2 25. Qe1 Rgf6 26. Rf1 R6f3 27. Kc2 Bc5 28. Rxf2 Qxf2 29. Qxf2 Rxf2 30. Re1 Kd7 31. b4 Be7 32. Rh1 Bh4 33. a4 Kd6 34. b5 axb5 35. axb5 Kc5 36. Rb1 Bg5 0-1

[Event "Landesliga Sued 1819"]
[Site "Bayern"]
[Date "2018.11.11"]
[Round "2.8"]
[White "Posch, Roland"]
[Black "Nentwig, Nicole"]
[Result "1-0"]
[WhiteElo "2144"]
[BlackElo "1652"]
[PlyCount "69"]
[EventDate "2018.10.21"]
[EventType "team-tourn"]
[EventRounds "9"]
[EventCountry "GER"]
[SourceTitle "EXT 2022"]
[Source "ChessBase"]
[SourceDate "2021.10.06"]
[SourceVersion "1"]
[SourceVersionDate "2021.10.06"]
[SourceQuality "1"]
[WhiteTeam "Rottal Inn"]
[BlackTeam "Dillingen"]
[WhiteTeamCountry "GER"]
[BlackTeamCountry "GER"]

1. e4 c5 2. Nf3 Nc6 3. c3 e6 4. Be2 g6 5. 0-0 Bg7 6. d3 Nge7 7. Be3 d6 8. d4 cxd4 9. Nxd4 Nxd4 10. Bxd4 e5 11. Be3 Be6 12. Nd2 0-0 13. c4 b6 14. f3 f5 15. Qa4 f4 16. Bf2 Qd7 17. Qxd7 Bxd7 18. Rfd1 Rad8 19. a4 Nc6 20. Nb3 Be6 21. Rd2 Rf7 22. Rad1 Rfd7 23. Bh4 Rc8 24. Rxd6 Rxd6 25. Rxd6 Nd4 26. Nxd4 Bxc4 27. Bxc4+ Rxc4 28. Rd8+ Kf7 29. Rd7+ Kg8 30. Ne6 Bh6 31. Rxa7 Rc1+ 32. Kf2 Rc2+ 33. Kf1 Rc1+ 34. Be1 Rb1 35. b4 1-0

[Event "BL2 Sued 1718 (Women)"]
[Site "Germany"]
[Date "2017.12.17"]
[Round "3.4"]
[White "Stitterich, Nadine"]
[Black "Nentwig, Nicole"]
[Result "1-0"]
[WhiteElo "1979"]
[BlackElo "1878"]
[PlyCount "33"]
[EventDate "2017.10.14"]
[EventType "team-tourn"]
[EventRounds "7"]
[EventCountry "GER"]
[SourceTitle "EXT 2019"]
[Source "ChessBase"]
[SourceDate "2018.10.10"]
[SourceVersion "1"]
[SourceVersionDate "2018.10.10"]
[SourceQuality "1"]
[WhiteTeam "Stuttgart Wolfbusch (W)"]
[BlackTeam "Augsburg SG (W)"]
[WhiteTeamCountry "GER"]
[BlackTeamCountry "GER"]

1. e4 g6 2. d4 Bg7 3. Nc3 d6 4. f4 Nh6 5. Nf3 0-0 6. Bc4 a6 7. a4 c5 8. dxc5 dxc5 9. Qxd8 Rxd8 10. Nd5 e6 11. Nb6 Ra7 12. 0-0 Ng4 13. e5 Nc6 14. c3 Bf8 15. a5 Bd7 16. Ng5 Be8 17. Nxe6 1-0

[Event "BL 1617 (Women)"]
[Site "Germany"]
[Date "2017.01.22"]
[Round "4.5"]
[White "Nentwig, Nicole"]
[Black "Zschischang, Marine"]
[Result "1-0"]
[WhiteElo "1851"]
[BlackElo "2054"]
[PlyCount "127"]
[EventDate "2016.10.22"]
[EventType "team-tourn"]
[EventRounds "11"]
[EventCountry "GER"]
[SourceTitle "EXT 2018"]
[Source "ChessBase"]
[SourceDate "2017.10.13"]
[SourceVersion "1"]
[SourceVersionDate "2017.10.13"]
[SourceQuality "1"]
[WhiteTeam "Augsburg (W)"]
[BlackTeam "Lehrte (W)"]
[WhiteTeamCountry "GER"]
[BlackTeamCountry "GER"]

1. e4 e6 2. d4 d5 3. exd5 exd5 4. Nf3 Nf6 5. Bf4 Qe7+ 6. Qe2 c6 7. Qxe7+ Bxe7 8. Bd3 Ne4 9. Nbd2 f5 10. h4 Nd7 11. Ne5 Ndf6 12. f3 Nh5 13. fxe4 Nxf4 14. exd5 Nxd3+ 15. Nxd3 cxd5 16. Nf4 Bd6 17. Nxd5 Be6 18. Ne3 Bg3+ 19. Ke2 0-0-0 20. c3 Rhe8 21. Kf3 f4 22. Ne4 fxe3 23. Kxg3 h6 24. Nc5 Bf5 25. Rae1 Rd6 26. Rhf1 Bh7 27. Rf7 Rg6+ 28. Kf3 Bg8 29. Rf5 b6 30. Ne4 Bxa2 31. Rxe3 Kd8 32. Re5 Rf8+ 33. Ke2 Rxg2+ 34. Kd3 Rf1 35. Nd2 Rd1 36. Re2 Bb1+ 37. Kc4 Ba2+ 38. Kd3 Rxe2 39. Rxe2 Bb1+ 40. Kc4 Bf5 41. Rf2 g6 42. b4 Ke7 43. b5 Kd6 44. Kb4 Rh1 45. Rf4 Ke6 46. c4 g5 47. hxg5 hxg5 48. Rf1 Be4 49. c5 bxc5+ 50. dxc5 Rxf1 51. Nxf1 g4 52. Ng3 Bd5 53. Ka5 Bc4 54. Ka6 Kd5 55. c6 Kc5 56. Ne4+ Kd4 57. c7 Be6 58. Ng5 Bc8+ 59. Kxa7 Kc5 60. b6 Kc6 61. Ne4 Bb7 62. Nd6 Bc8 63. Nxc8 g3 64. Ne7+ 1-0

[Event "GER-ch rapid (Women)"]
[Site "chess24.com INT"]
[Date "2015.09.12"]
[Round "2"]
[White "Nentwig, Nicole"]
[Black "Gheng, Simona"]
[Result "0-1"]
[WhiteElo "1861"]
[BlackElo "2057"]
[PlyCount "60"]
[EventDate "2015.09.12"]
[EventType "swiss (rapid)"]
[EventRounds "9"]
[EventCountry "GER"]
[SourceTitle "EXT 2017"]
[Source "ChessBase"]
[SourceDate "2016.10.25"]
[SourceVersion "1"]
[SourceVersionDate "2016.10.25"]
[SourceQuality "1"]
[WhiteTeam "Germany"]
[BlackTeam "Germany"]
[WhiteTeamCountry "GER"]
[BlackTeamCountry "GER"]

1. e4 c5 2. Nf3 d6 3. Bc4 Nf6 4. d3 g6 5. 0-0 Bg7 6. Bg5 0-0 7. h3 a6 8. c3 Nc6 9. Bb3 b5 10. Nbd2 Bb7 11. Re1 Rc8 12. Nf1 Qc7 13. Ng3 e5 14. Qd2 Na5 15. Bc2 c4 16. d4 Rce8 17. d5 Bc8 18. Rad1 Nb7 19. b4 cxb3 20. axb3 Bd7 21. Rc1 Rc8 22. Be3 Qxc3 23. Qd1 Qa5 24. Ra1 Qc7 25. Rxa6 Qxc2 26. Qa1 Qc3 27. Qa2 Nc5 28. Ra3 Ncxe4 29. Nxe4 Nxe4 30. b4 Qxb4 0-1

[Event "GER-ch rapid (Women)"]
[Site "chess24.com INT"]
[Date "2015.09.12"]
[Round "4"]
[White "Nentwig, Nicole"]
[Black "Weimert, Miriam"]
[Result "0-1"]
[WhiteElo "1861"]
[BlackElo "1692"]
[PlyCount "54"]
[EventDate "2015.09.12"]
[EventType "swiss (rapid)"]
[EventRounds "9"]
[EventCountry "GER"]
[SourceTitle "EXT 2017"]
[Source "ChessBase"]
[SourceDate "2016.10.25"]
[SourceVersion "1"]
[SourceVersionDate "2016.10.25"]
[SourceQuality "1"]
[WhiteTeam "Germany"]
[BlackTeam "Germany"]
[WhiteTeamCountry "GER"]
[BlackTeamCountry "GER"]

1. e4 c5 2. Nf3 e6 3. Nc3 a6 4. d4 cxd4 5. Nxd4 Qc7 6. Bd3 Nc6 7. Nf3 Nf6 8. Bg5 Be7 9. 0-0 b5 10. Qd2 Bb7 11. Rae1 d6 12. Ne2 0-0 13. Ng3 Rac8 14. c3 Na5 15. Bxf6 Bxf6 16. Nh5 Be7 17. Qf4 Qd8 18. Qg3 g6 19. h4 Kh8 20. Nf4 e5 21. Nd5 Bxd5 22. exd5 f5 23. Nxe5 dxe5 24. Qxe5+ Bf6 25. Qe6 Bxh4 26. d6 Rf6 27. Qd5 Rxd6 0-1

[Event "BL2 Sued 1415 (Women)"]
[Site "Germany"]
[Date "2014.12.14"]
[Round "5.4"]
[White "Spiel, Marianne"]
[Black "Nentwig, Nicole"]
[Result "1-0"]
[WhiteElo "1900"]
[BlackElo "1903"]
[PlyCount "51"]
[EventDate "2014.09.27"]
[EventType "team-tourn"]
[EventRounds "7"]
[EventCountry "GER"]
[SourceTitle "CBM 166 Extra"]
[Source "ChessBase"]
[SourceDate "2015.06.18"]
[SourceVersion "1"]
[SourceVersionDate "2015.06.18"]
[SourceQuality "1"]
[WhiteTeam "Muenchen Bayern (W)"]
[BlackTeam "Augsburg (W)"]
[WhiteTeamCountry "GER"]
[BlackTeamCountry "GER"]

1. e4 e5 2. Nf3 Nc6 3. Bb5 Bc5 4. 0-0 a6 5. Ba4 b5 6. Bb3 d6 7. a4 Rb8 8. axb5 axb5 9. c3 Bg4 10. Bd5 Bd7 11. d4 exd4 12. cxd4 Bb6 13. e5 Nge7 14. Bxf7+ Kxf7 15. Ng5+ Ke8 16. e6 Bxe6 17. Nxe6 Qd7 18. Re1 Nxd4 19. Nxd4 Rf8 20. Be3 c5 21. Nf3 h6 22. Nc3 Qc6 23. Qe2 Rf7 24. Qxb5 Qxb5 25. Nxb5 Rf6 26. Nxd6+ 1-0

[Event "BL2 Sued 1415 (Women)"]
[Site "Germany"]
[Date "2014.09.28"]
[Round "2.5"]
[White "Nentwig, Nicole"]
[Black "Brendel, Bergit"]
[Result "0-1"]
[WhiteElo "1903"]
[BlackElo "2020"]
[PlyCount "62"]
[EventDate "2014.09.27"]
[EventType "team-tourn"]
[EventRounds "7"]
[EventCountry "GER"]
[SourceTitle "CBM 166 Extra"]
[Source "ChessBase"]
[SourceDate "2015.06.18"]
[SourceVersion "1"]
[SourceVersionDate "2015.06.18"]
[SourceQuality "1"]
[WhiteTeam "Augsburg (W)"]
[BlackTeam "Karlsruhe (W)"]
[WhiteTeamCountry "GER"]
[BlackTeamCountry "GER"]

1. e4 d6 2. d4 Nf6 3. Bd3 e5 4. c3 Nc6 5. d5 Ne7 6. Bg5 Ng6 7. Ne2 Be7 8. 0-0 Nxd5 9. Bxe7 Ndxe7 10. f4 exf4 11. Nxf4 Nxf4 12. Rxf4 Ng6 13. Rf2 0-0 14. h3 Qg5 15. Qd2 Qc5 16. b4 Qb6 17. a4 a5 18. b5 Ne5 19. Bf1 Bxh3 20. Qd4 Be6 21. Nd2 c5 22. bxc6 Qxc6 23. Bb5 Qc7 24. Raf1 Rac8 25. Nb1 Qe7 26. Nd2 Rc5 27. Rc1 Qg5 28. Qxd6 Rd8 29. Qb6 Rxd2 30. Bf1 Rxf2 31. Kxf2 Ng4+ 0-1

[Event "BL2 Sued 1314 (Women)"]
[Site "Germany"]
[Date "2014.02.16"]
[Round "5.4"]
[White "Nentwig, Nicole"]
[Black "Papp, Petra"]
[Result "0-1"]
[WhiteElo "1909"]
[BlackElo "2276"]
[PlyCount "72"]
[EventDate "2013.11.30"]
[EventType "team-tourn"]
[EventRounds "7"]
[EventCountry "GER"]
[SourceTitle "EXT 2018"]
[Source "ChessBase"]
[SourceDate "2017.10.13"]
[SourceVersion "1"]
[SourceVersionDate "2017.10.13"]
[SourceQuality "1"]
[WhiteTeam "Augsburg (W)"]
[BlackTeam "Schwaebisch Hall (W)"]
[WhiteTeamCountry "GER"]
[BlackTeamCountry "GER"]

1. e4 c5 2. Nc3 d6 3. f4 Nc6 4. Nf3 g6 5. Nd5 Bg7 6. c3 f5 7. exf5 Bxf5 8. Ne3 Bd7 9. Bc4 e6 10. Qe2 Qe7 11. 0-0 Nh6 12. Ng5 d5 13. Bd3 0-0-0 14. Bb5 Qd6 15. Ng4 Rde8 16. Bxc6 Qxc6 17. Ne5 Bxe5 18. fxe5 Nf5 19. g4 h6 20. gxf5 hxg5 21. fxg6 Reg8 22. Rf6 Be8 23. d4 Bxg6 24. Be3 g4 25. Bf4 g3 26. Bxg3 Be4 27. Qe3 Kb8 28. Raf1 cxd4 29. Qxd4 Qb5 30. Qf2 Qa6 31. a3 d4 32. cxd4 Bd5 33. Qe3 Qc4 34. b3 Qc2 35. R6f2 Qh7 36. Rf6 Qxh2# 0-1

[Event "BL2 Sued 1112 (Women)"]
[Site "Germany"]
[Date "2012.02.12"]
[Round "7.6"]
[White "Nentwig, Nicole"]
[Black "Roos, Karin"]
[Result "1-0"]
[WhiteElo "1889"]
[BlackElo "1826"]
[PlyCount "79"]
[EventDate "2011.10.29"]
[EventType "team-tourn"]
[EventRounds "7"]
[EventCountry "GER"]
[SourceTitle "EXT 2013"]
[Source "ChessBase"]
[SourceDate "2012.11.22"]
[SourceVersion "1"]
[SourceVersionDate "2012.11.22"]
[SourceQuality "1"]
[WhiteTeam "Augsburg (W)"]
[BlackTeam "Bayern Muenchen (W)"]
[WhiteTeamCountry "GER"]
[BlackTeamCountry "GER"]

1. e4 d6 2. d4 g6 3. Nf3 Bg7 4. Bc4 e6 5. 0-0 Nf6 6. Nc3 0-0 7. Bg5 c6 8. Qc1 Qb6 9. e5 dxe5 10. dxe5 Ng4 11. Be7 Re8 12. Bd6 Nd7 13. Qf4 Qxb2 14. Bb3 Qxc3 15. Bb4 Bxe5 16. Qxg4 Qxa1 17. Rxa1 Bxa1 18. c3 Bb2 19. Qg5 c5 20. Bxc5 Bxc3 21. Ba3 a6 22. Qe3 Bg7 23. Ng5 Nf6 24. Qb6 h6 25. Nf3 Nd5 26. Qa5 b6 27. Qe1 Bb7 28. Nd2 Rac8 29. Nc4 b5 30. Nd6 Bf8 31. h4 Red8 32. Nxc8 Bxa3 33. Qa5 Rxc8 34. Qxa3 Nf4 35. f3 Ne2+ 36. Kf2 Nd4 37. Bd1 Rc4 38. Qe3 Kg7 39. Qe5+ f6 40. Qd6 1-0

[Event "BL2 Sued 0708 (Women)"]
[Site "Germany"]
[Date "2008.01.13"]
[Round "5.4"]
[White "Nentwig, Nicole"]
[Black "Lenk, Sandra"]
[Result "1-0"]
[WhiteElo "1936"]
[BlackElo "1925"]
[PlyCount "115"]
[EventDate "2007.11.10"]
[EventType "team-tourn"]
[EventRounds "7"]
[EventCountry "GER"]
[SourceTitle "EXT 2009"]
[Source "ChessBase"]
[SourceDate "2008.11.26"]
[SourceVersion "1"]
[SourceVersionDate "2008.11.26"]
[SourceQuality "1"]
[WhiteTeam "Augsburg (W)"]
[BlackTeam "Bayern Muenchen (W)"]
[WhiteTeamCountry "GER"]
[BlackTeamCountry "GER"]

1. e4 c5 2. Nf3 Nc6 3. Bc4 g6 4. 0-0 Bg7 5. a3 d6 6. c3 Nf6 7. Qc2 0-0 8. d3 d5 9. Ba2 dxe4 10. dxe4 Qc7 11. Bg5 Ne5 12. Nbd2 b5 13. Nxe5 Qxe5 14. f4 Qc7 15. f5 c4 16. Rae1 Bb7 17. Bb1 Ng4 18. Nf3 Rad8 19. h3 Ne5 20. Nxe5 Bxe5 21. Qe2 Bc8 22. h4 Qb6+ 23. Be3 Qf6 24. Bg5 Qb6+ 25. Kh1 Bf6 26. Be3 Qc7 27. Bf4 Qc5 28. h5 Be5 29. Be3 Qc6 30. Bxa7 Kh8 31. Qf3 Qf6 32. Kg1 gxh5 33. Qxh5 Rg8 34. Be3 Qg7 35. Qh3 Rd6 36. Bf4 Bxf4 37. Rxf4 Rd2 38. Rf2 Rd6 39. Qe3 Rgd8 40. Bc2 Qg4 41. Rf4 Qh5 42. Re2 Rh6 43. Kf2 Rhd6 44. a4 bxa4 45. Bxa4 Rd3 46. Qc1 Qg5 47. Bc2 Qg3+ 48. Kg1 R3d6 49. Rf3 Qe5 50. Qe3 Ra6 51. Kf2 Rdd6 52. Rh3 Ra2 53. Rh6 Rxb2 54. Rxd6 Qxd6 55. e5 Qa6 56. Rd2 Qa5 57. Qh6 Qc5+ 58. Kf1 1-0

[Event "BL2 Sued 0708 (Women)"]
[Site "Germany"]
[Date "2007.12.01"]
[Round "3.4"]
[White "Nentwig, Nicole"]
[Black "Umpfenbach, Caroline"]
[Result "0-1"]
[WhiteElo "1936"]
[BlackElo "2111"]
[PlyCount "74"]
[EventDate "2007.11.10"]
[EventType "team-tourn"]
[EventRounds "7"]
[EventCountry "GER"]
[SourceTitle "EXT 2009"]
[Source "ChessBase"]
[SourceDate "2008.11.26"]
[SourceVersion "1"]
[SourceVersionDate "2008.11.26"]
[SourceQuality "1"]
[WhiteTeam "Augsburg (W)"]
[BlackTeam "Erfurt Medizin (W)"]
[WhiteTeamCountry "GER"]
[BlackTeamCountry "GER"]

1. e4 e6 2. d4 d5 3. exd5 exd5 4. Bd3 Nf6 5. Bg5 Be7 6. Ne2 h6 7. Bh4 Nbd7 8. Nbc3 c6 9. Qd2 0-0 10. Ng3 Ne4 11. Bxe7 Qxe7 12. Ncxe4 dxe4 13. Bc4 Nb6 14. Bb3 Kh8 15. 0-0 Qh4 16. Ne2 Bd7 17. Rac1 Rae8 18. c4 Nc8 19. Rc3 Ne7 20. Nf4 Nf5 21. c5 Qf6 22. Rd1 Re7 23. d5 Rfe8 24. Re1 e3 25. fxe3 Nxe3 26. Rcxe3 Qxf4 27. Rxe7 Qxd2 28. Rxe8+ Bxe8 29. Rxe8+ Kh7 30. d6 Qc1+ 31. Kf2 Qxc5+ 32. Re3 Qxd6 33. Bc2+ g6 34. h3 Qf4+ 35. Ke2 Qc4+ 36. Kd2 Qd4+ 37. Rd3 Qxb2 0-1

[Event "GER-chT Federal Cup (Women)"]
[Site "Germany"]
[Date "2007.??.??"]
[Round "4"]
[White "Nentwig, Nicole"]
[Black "Froehlich Dill, Astrid"]
[Result "1-0"]
[WhiteElo "1930"]
[BlackElo "1970"]
[PlyCount "107"]
[EventDate "2007.06.??"]
[EventType "team-swiss"]
[EventRounds "5"]
[EventCountry "GER"]
[SourceTitle "EXT 2008"]
[Source "ChessBase"]
[SourceDate "2007.11.25"]
[SourceVersion "1"]
[SourceVersionDate "2007.11.25"]
[SourceQuality "1"]
[WhiteTeam "Bayern Muenchen"]
[BlackTeam "Hessen"]
[WhiteTeamCountry "GER"]
[BlackTeamCountry "GER"]

1. e4 e6 2. d4 b6 3. Nf3 Bb7 4. Bd3 Nf6 5. Bg5 h6 6. Bxf6 Qxf6 7. a3 c5 8. c3 cxd4 9. cxd4 Nc6 10. Bc2 Ba6 11. Nc3 Rc8 12. Rc1 Na5 13. e5 Qd8 14. Bd3 Bc4 15. 0-0 Be7 16. b4 Bxd3 17. Qxd3 Nc6 18. d5 exd5 19. Nxd5 0-0 20. b5 Bc5 21. Rxc5 bxc5 22. bxc6 Rxc6 23. Nf4 c4 24. Qc3 Qb6 25. Nd5 Qb3 26. Qxb3 cxb3 27. Ne7+ Kh7 28. Nxc6 dxc6 29. Nd4 b2 30. f4 Rd8 31. Ne2 Rd2 32. Kf2 Rd3 33. Rb1 Rb3 34. Nd4 Rb6 35. Ke3 c5 36. Nc2 c4 37. Nb4 a5 38. Rxb2 c3 39. Rb3 c2 40. Kd2 axb4 41. axb4 Rc6 42. Kc1 Kg6 43. b5 Rc8 44. b6 Kf5 45. g3 Ke4 46. b7 Rb8 47. Kxc2 Kd5 48. Kd3 h5 49. h3 g6 50. h4 Ke6 51. Kd4 Kd7 52. Kc5 Kc7 53. Rb1 Kd7 54. Kb6 1-0

[Event "GER-chT Federal Cup (Women)"]
[Site "Braunfels"]
[Date "2006.05.07"]
[Round "5"]
[White "Mueller Ludwig, Kristin"]
[Black "Nentwig, Nicole"]
[Result "1-0"]
[WhiteElo "2079"]
[BlackElo "1949"]
[PlyCount "93"]
[EventDate "2006.05.04"]
[EventType "team-swiss"]
[EventRounds "5"]
[EventCountry "GER"]
[SourceTitle "EXT 2010"]
[Source "ChessBase"]
[SourceDate "2010.11.25"]
[SourceVersion "1"]
[SourceVersionDate "2010.11.25"]
[SourceQuality "1"]

1. e4 d5 2. exd5 Qxd5 3. Nc3 Qd8 4. g3 Nf6 5. Bg2 Nc6 6. Nge2 e5 7. 0-0 Bc5 8. d3 0-0 9. h3 Bf5 10. Na4 Bd6 11. Be3 Rb8 12. g4 Bxg4 13. hxg4 Nxg4 14. Nec3 Qh4 15. Re1 f5 16. Bxc6 bxc6 17. Qf3 Rb4 18. Qh1 Qxh1+ 19. Kxh1 Nxe3 20. Rxe3 Rh4+ 21. Kg2 e4 22. Rh1 Rg4+ 23. Kf1 exd3 24. Rxd3 Re8 25. b3 g6 26. f3 Rg5 27. Ne2 f4 28. Rh4 Rf5 29. Nec3 g5 30. Rh5 Kg7 31. Ne4 Kg6 32. Rh1 Ba3 33. Kf2 Bb4 34. Rd7 Re7 35. Rxe7 Bxe7 36. Rd1 Rd5 37. Nac3 Rxd1 38. Nxd1 Kf5 39. Nb2 h5 40. Nc4 Ke6 41. Na5 c5 42. Nc6 Bf6 43. Nxf6 Kxf6 44. Nxa7 g4 45. Nb5 Ke5 46. a4 Kd5 47. Nxc7+ 1-0

[Event "GER-chT Federal Cup (Women)"]
[Site "Braunfels"]
[Date "2006.05.06"]
[Round "4"]
[White "Fischer, Anke"]
[Black "Nentwig, Nicole"]
[Result "1/2-1/2"]
[WhiteElo "1826"]
[BlackElo "1949"]
[PlyCount "107"]
[EventDate "2006.05.04"]
[EventType "team-swiss"]
[EventRounds "5"]
[EventCountry "GER"]
[SourceTitle "EXT 2010"]
[Source "ChessBase"]
[SourceDate "2010.11.25"]
[SourceVersion "1"]
[SourceVersionDate "2010.11.25"]
[SourceQuality "1"]

1. e4 e5 2. Nf3 Nc6 3. Bb5 a6 4. Ba4 b5 5. Bb3 Bc5 6. 0-0 d6 7. h3 Be6 8. c3 Bb6 9. Bc2 h6 10. d4 exd4 11. cxd4 Nce7 12. Bf4 Ng6 13. Bg3 N8e7 14. Nc3 Qc8 15. Re1 0-0 16. e5 d5 17. Ne2 Nf5 18. Bh2 Nfh4 19. Nxh4 Nxh4 20. Nf4 Nf5 21. Bxf5 Bxf5 22. Nxd5 Qe6 23. Ne3 Rad8 24. Qf3 Bxd4 25. Nxf5 Bxb2 26. Rad1 Rxd1 27. Rxd1 Bxe5 28. Bxe5 Qxe5 29. Ne3 c5 30. Qc6 Qe6 31. Qxe6 fxe6 32. Rc1 Rc8 33. Kf1 Kf7 34. Ke2 h5 35. a4 Kf6 36. axb5 axb5 37. Rb1 Rb8 38. Nc4 Ke7 39. Ne5 Kd6 40. f4 Rb7 41. Ke3 b4 42. Rd1+ Ke7 43. Kd3 Kf6 44. Kc4 Kf5 45. Nd3 b3 46. Rb1 b2 47. g3 Rb8 48. Nxc5 h4 49. gxh4 Kxf4 50. Nxe6+ Kg3 51. h5 Kxh3 52. Nxg7 Kg4 53. Kd4 Kg5 54. Kc4 1/2-1/2

[Event "GER-chT2 (Women) 0405"]
[Site "Germany"]
[Date "2004.12.05"]
[Round "4"]
[White "Fuchs, Judith"]
[Black "Nentwig, Nicole"]
[Result "1-0"]
[WhiteElo "1961"]
[BlackElo "1840"]
[PlyCount "101"]
[EventDate "2004.11.06"]
[EventType "team"]
[EventRounds "9"]
[EventCountry "GER"]
[SourceTitle "EXT 2006"]
[Source "ChessBase"]
[SourceDate "2005.11.24"]
[SourceVersion "1"]
[SourceVersionDate "2005.11.24"]
[SourceQuality "1"]

1. e4 g6 2. d4 Bg7 3. Nc3 d6 4. Be3 e5 5. Qd2 Nc6 6. Nge2 Bd7 7. f3 exd4 8. Nxd4 Bxd4 9. Bxd4 Nxd4 10. Qxd4 Qf6 11. Qf2 Ne7 12. Bc4 a6 13. 0-0-0 b5 14. Be2 0-0 15. h4 b4 16. Nd5 Nxd5 17. exd5 a5 18. Qd4 Qxd4 19. Rxd4 Rfe8 20. Bd3 Re5 21. Kd2 Rae8 22. Be4 h5 23. c3 f5 24. Bd3 Kg7 25. Rc1 Rc8 26. cxb4 axb4 27. Rxb4 Rxd5 28. Rb7 Kf6 29. Rcxc7 Rxc7 30. Rxc7 Bb5 31. Rc3 Bd7 32. f4 Ra5 33. a3 d5 34. Ke3 Ke6 35. Kd4 Ra4+ 36. b4 Kd6 37. Be2 Bc6 38. Re3 Ra7 39. Bd1 Ra8 40. Bc2 Ra7 41. Bb1 Ra8 42. Ba2 Ra7 43. Rg3 Rg7 44. Rb3 Ke6 45. a4 Ba8 46. Re3+ Kd6 47. Re5 Ra7 48. a5 Kd7 49. Re3 Kd6 50. Re8 Re7 51. Rxe7 1-0

[Event "GER-chT2 (Women) 0405"]
[Site "Germany"]
[Date "2004.12.04"]
[Round "3"]
[White "Nentwig, Nicole"]
[Black "Handrick Morgenstern, Petra"]
[Result "1-0"]
[WhiteElo "1840"]
[BlackElo "2062"]
[PlyCount "73"]
[EventDate "2004.11.06"]
[EventType "team"]
[EventRounds "9"]
[EventCountry "GER"]
[SourceTitle "EXT 2006"]
[Source "ChessBase"]
[SourceDate "2005.11.24"]
[SourceVersion "1"]
[SourceVersionDate "2005.11.24"]
[SourceQuality "1"]

1. e4 c5 2. Nc3 d6 3. Bc4 e6 4. Nf3 Nf6 5. d4 cxd4 6. Nxd4 a6 7. Bg5 Be7 8. 0-0 Qc7 9. Qe2 Nbd7 10. Bxe6 fxe6 11. Nxe6 Qa5 12. Nxg7+ Kd8 13. Ne6+ Ke8 14. Nd5 Rb8 15. Ndc7+ Kf7 16. Qc4 Ne5 17. Qb3 h6 18. f4 hxg5 19. fxg5 Bxe6 20. Qxe6+ Kf8 21. Rxf6+ Bxf6 22. Qxf6+ Kg8 23. Qe6+ Kg7 24. Qe7+ Kg8 25. Nd5 Qc5+ 26. Kh1 Rh4 27. Qe6+ Kh8 28. Qf6+ Kh7 29. Qf5+ Kh8 30. Rf1 Ng4 31. h3 Qxc2 32. Qf3 Qxb2 33. Ne7 Qg7 34. Qg3 Rh7 35. Qxd6 Re8 36. Ng6+ Kg8 37. Qd5+ 1-0